000 01107nam a2200253Ia 4500
999 _c51022
_d51022
001 17979
003 GE_BSU
005 20250228121915.0
008 181216s2012||||ge |||||||||||||| ||geo||
020 _a9789941156373
040 _cGE_BSU
041 _ageo
080 _a51(075.3) მ-15
100 _aჯაფარიძე, ნანა
_924429
245 _aმატემატიკა 11 კლ. :
_bმოსწავლის წიგნი /
_cნანა ჯაფარიძე, მაია წილოსანი, ნანი წულაია.
264 _aთბილისი :
_bბაკურ სულაკაურის გამ-ბა,
_c2012.
300 _a264 გვ. :
_bილ. ;
_c27 სმ.
653 _aმატემატიკა 11
653 _aმოსწავლის წიგნი
700 _aჯაფარიძე, ნანა
_eავტორი
_924430
700 _aწილოსანი, მაია
_eავტორი
_924431
700 _aწულაია, ნანი
_eავტორი
_924432
942 _cBK
_2udc